| 000 | 00830nam a2200205 a 4500 | ||
|---|---|---|---|
| 001 | 000144352 | ||
| 003 | AM-YEHGA | ||
| 005 | 20250617122952.0 | ||
| 008 | 991008s1981 kz ||||gr|||||||||0|rus|d | ||
| 040 | _aAM-YeHGA | ||
| 041 | 0 | _arus | |
| 245 | 0 | 0 |
_aПалинологические исследования в Казахстане : _b(Сборник статей) / _cКазахский НИИ минерального сырья ; Отв. ред. Л.И. Киселев. |
| 260 |
_aАлма-Ата : _bКазИМС, _c1981. |
||
| 300 | _a98 с. | ||
| 650 | 1 | 4 | _aПалинология |
| 700 | 1 |
_aКиселев, Л.И. _eред. _4edt |
|
| 710 | 2 | _aКазахский научно-исследовательский институт минерального сырья (КазИМС) | |
| 942 |
_2udc _cBK |
||
| 090 | _c49459 | ||
| 999 |
_c48698 _d48698 |
||